Disneyland Resort - All Rides - Statistics

General Stats
  • This quiz has been taken 194 times
    54 since last reset
  • The average score is 19 of 54
Answer Stats
Answer % Correct
Avengers: Infinity Defense
100%
Stark Flight Lab
100%
It's a Small World
56%
Space Mountain
56%
Jungle Cruise
54%
Haunted Mansion
51%
Incredicoaster
46%
Matterhorn Bobsleds
46%
Pirates of the Caribbean
46%
Peter Pan's Flight
44%
Tiana's Bayou Adventure
44%
Big Thunder Mountain Railroad
41%
Disneyland Railroad
41%
Dumbo the Flying Elephant
41%
Guardians of the Galaxy - Mission: Breakout
41%
Mad Tea Party
38%
Soarin'
38%
Mickey & Minnie's Runaway Railway
36%
Mr. Toad's Wild Ride
36%
Pinocchio's Daring Journey
36%
Radiator Springs Racers
36%
Alice in Wonderland
33%
Buzz Lightyear Astro Blasters
33%
Grizzly River Run
33%
Snow White's Enchanted Wish
33%
Star Wars: Rise of the Resistance
33%
Autopia
31%
Casey Jr. Circus Train
31%
King Arthur Carrousel
31%
Toy Story Midway Mania
31%
Goofy's Sky School
28%
Mater's Junkyard Jamboree
28%
Roger Rabbit's Car Toon Spin
28%
Storybook Land Canal Boats
28%
Finding Nemo Submarine Voyage
26%
Golden Zephyr
26%
Mark Twain Riverboat
26%
Silly Symphony Swings
26%
Astro Orbitor
23%
Chip 'n' Dale's GADGETcoaster
23%
Disneyland Monorail
23%
Inside Out: Emotional Whirlwind
23%
Jessie's Critter Carousel
23%
Millennium Falcon: Smugglers Run
23%
Monsters, Inc. Mike & Sully to the Rescue!
23%
Pixar Pal-around
23%
Star Tours - The Adventures Continue
23%
The Many Adventures of Winnie the Pooh
23%
Jumpin' Jellyfish
21%
Luigi's Rollickin Roadsters
18%
The Little Mermaid - Ariel's Undersea Adventure
18%
Sailing Ship Columbia
15%
WEB SLINGERS: A Spider-man Adventure
15%
Indiana Jones™Adventure: Temple of the Forbidden Eye
3%
No matching quizzes found
Score Distribution
Percent of People with Each Score
Percentile by Number Answered
Your Score History
You have not taken this quiz since the last reset